000 01638nam a22004337a 4500
003 CHAP
005 20220329143248.0
008 071105s2007 mx a r 00010 spa d
010 _a94126
011 _a95098
035 _a105702
040 _cCHAP
090 _aTesis
100 1 _aHernández Hernández, José Manuel.
_954143
245 1 0 _aInducción de partos múltiples en ganado para carne tratados con gonadotropina coriónica equina (eCG)
_c/por José Manuel Hernández Hernández
260 _aChapingo, Méx. :
_bEl autor,
_c2007
300 _a51 h. :
_bilus. ; cuadros
502 _aTesis (Ing. Agr. Zootecnista) -- UACH. Departamento de Zootecnia
530 _aTambién disponible en línea
590 _aALEPH
_b10
_c20130110
_lUCH01
_h1520
590 _aBATCH-UPD
_b10
_c20130110
_lUCH01
_h1349
590 _aBATCH-UPD
_b10
_c20130410
_lUCH01
_h0846
590 _aBATCH-UPD
_b10
_c20130914
_lUCH01
_h1510
590 _aBATCH-UPD
_b10
_c20140324
_lUCH01
_h1504
590 _aBATCH-UPD
_b10
_c20141002
_lUCH01
_h0835
590 _aCONVERSION
_b10
_c20130109
_lUCH01
_h1352
650 1 4 _aGanado de carne
_xProducción.
_945104
650 1 4 _aGanado vacuno
_xReproducción.
_945510
650 1 4 _aGonadotropina.
_948622
650 1 4 _aHormonas.
_956235
650 1 4 _aOvulación.
_984414
650 1 4 _aSincronización.
_9106555
856 _3Finding aid
_uhttp://10.13.5.2/tesis/105702.pdf
_zTeclea aqui
901 _aBK
905 _aElisama A. H.
942 _cFOLL
949 _aTesis
_bBC
_cTES
_d33724002034975
_eTS1
_gDonaciØn
_h47082
_i105702
_sb
949 _aTesis
_bBC
_cTES
_d33724002035181
_eTS2
_fc.2
_gDonaciØn
_h47083
_i105702
_sb
999 _c94126
_d94126